| 000 | 00486nam a22001935i 4500 | ||
|---|---|---|---|
| 001 | 9450669 | ||
| 003 | OSt | ||
| 005 | 20180116183025.0 | ||
| 008 | 120517 xx eng | ||
| 020 | _a394418077 | ||
| 040 | _c0 | ||
| 082 | _a330.95 NYR 1968 | ||
| 100 | 1 | _aMyrdal, Gunnar | |
| 245 | 1 | 0 |
_aAsian Drama _cMyrdal, Gunna _bAninquiry into The Poverty of Nations Vol.I |
| 260 |
_aNew York _bPantheon _c1968 |
||
| 300 | _a705 p. | ||
| 440 | _aAsian Drama | ||
| 942 |
_2ddc _cBK |
||
| 999 |
_c350761 _d350761 |
||